000 00706cam a2200217 a 4500
001 000006005
005 20200929151900.0
008 880808s1986 cu a b f001 0 spa c
040 _aDO-SdBNP
_cCtY
_dDLC
082 _aCh868.44
_bC744s
100 1 _aConcha, Jaime.
_916910
245 1 3 _aLa sangre y las letras /
_cJaime Concha.
260 _aLa Habana :
_bCasa de las Américas,
_c1986.
300 _a181 p. :
_bil. ;
_c23 cm.
490 1 _aCuadernos Casa
_vvol. 31
504 _aBibliografías : p. 182.
650 4 _aLiteratura chilena
_ySIGLOXXI
_916911
650 4 _aLiteratura chilena
_xHistoria y crítica
_916912
830 0 _aCuadernos Casa,
_vvol. 31.
_93339
910 _aCatalogación por copia / LC
999 _c5801
_d5801